Brooklyn Nine-Nine Quiz - Statistics

General Stats
  • This quiz has been taken 184 times
  • The average score is 11 of 15
Answer Stats
Hint Answer % Correct
What was the name of Captain Holt's dog? Cheddar
99%
Which was Jake's favourite movie? Die Hard
94%
What was Captain Holt's middle name? Jacob
91%
What was the name of Charles's son? Nikolaj
87%
Who was Amy's boyfriend before Jake? Teddy
87%
Where was Charles's son from? Latvia
84%
Who was Doug Judy's sister? Trudy Judy
82%
What was the name of Jake and Amy's son? Mac
80%
Who was Terry's wife? Sharon
73%
What was the last name of Captain Holt's husband? Cozner
67%
What was the alias of Doug Judy? Pontiac Bandit
67%
What was Rosa's name according to her neighbours? Emily Goldfinch
51%
What was the original name of "The Vulture"? Keith Pembroke
45%
Who was Amy Santiago's brother? David Santiago
40%
Who played the violin in Jake and Amy's wedding? Mlepclaynos
28%
No matching quizzes found
Score Distribution
Percent of People with Each Score
Percentile by Number Answered
Your Score History
You have not taken this quiz